00369nam a2200157Ia 4500008004000000020001800040041000800058082001600066100001700082245003700099260002300136300001000159650001300169650001200182650001700194210210b2013 xxu||||| |||| 00| 0 eng d a9788192420288 aeng a070.43 ELAN aELAHI (Raza) aNuances of journalistic writings aNew Delhib-c2013 aiv,76 awritings aNuances ajournalistic